Apalaanchi (Registro nro. 9280)
[ vista simple ]
| 000 -CABECERA | |
|---|---|
| Longitud fija campo de control | 01186nam a2200301 a 4500 |
| 003 - • IDENTIFICADOR DELl NÚMERO DE CONTROL | |
| Identificador del número de control | CO-ViMGA |
| 005 - • FECHA Y HORA DE LA ÚLTIMA TRANSACCIÓN | |
| Fecha y hora de la última transacción | 20230915233131.0 |
| 008 - • CÓDIGOS DE INFORMACIÓN DE LONGITUD FIJA | |
| Códigos de información de longitud fija | 110523s2009 ck ab gr 00010 spa d |
| 020 ## - • NÚMERO INTERNACIONAL NORMALIZADO PARA LIBROS | |
| Número Internacional Normalizado para Libros (ISBN) | 9789588306537 |
| 040 ## - FUENTE DE LA CATALOGACIÓN | |
| Centro catalogador de origen | CO-ViMGA |
| Lengua de catalogación | spa |
| Centro transcriptor | CO-ViMGA |
| 043 ## - CÓDIGO DE ÁREA GEOGRÁFICA | |
| Código de área geográfica | s-ck--- |
| -- | s-ve--- |
| 082 04 - • NÚMERO DE LA CLASIFICACIÓN DECIMAL DEWEY | |
| Número de clasificación (R) | 770.986 |
| Número del ítem | H17a |
| 100 10 - • PUNTO DE ACCESO PRINCIPAL-NOMBRE DE PERSONA | |
| Nombre de persona | Harker, Santiago, |
| Fechas asociadas al nombre | 1951- |
| 245 10 - • TITULO PROPIAMENTE DICHO | |
| Título | Apalaanchi |
| Resto del título | pescadores wayuu |
| Mención de responsabilidad, etc. | Santiago Harker ; direccin̤ y edicin̤ Benjamn̕ Villegas ; textos Weildler Guerra Curvelo, Miguel Angel Lp̤ez-Hernǹdez |
| 250 ## - • MENCIÓN DE EDICIÓN | |
| Mención de edición | 1a. edicin̤ |
| 300 ## - • DESCRIPCIÓN FÍSICA | |
| Extensión | 155 pg̀inas |
| Otras características físicas | fotografa̕s, mapas |
| Dimensiones | 29 cm. |
| 500 ## - • NOTA GENERAL | |
| Nota general | Donacin̤ Villegas Editores |
| 500 ## - • NOTA GENERAL | |
| Nota general | Incluye datos biogrf̀icos del autor |
| 600 14 - • PUNTO DE ACCESO ADICIONAL DE MATERIA - NOMBRE DE PERSONA | |
| Nombre de persona | Harker, Santiago, |
| Fechas asociadas al nombre | 1951- |
| Subdivisión de forma (R ) | Trabajos fotogrf̀icos |
| 650 14 - • PUNTO DE ACCESO ADICIONAL DE MATERIA - TÉRMINO DE MATERIA | |
| Fuente del encabezamiento o término | LEMB |
| Término de materia o nombre geográfico como elemento inicial | Fotografa̕ colombiana |
| 650 14 - • PUNTO DE ACCESO ADICIONAL DE MATERIA - TÉRMINO DE MATERIA | |
| Fuente del encabezamiento o término | LEMB |
| Término de materia o nombre geográfico como elemento inicial | Pescadores wayus |
| Subdivisión de forma | Fotografa̕s |
| 650 14 - • PUNTO DE ACCESO ADICIONAL DE MATERIA - TÉRMINO DE MATERIA | |
| Fuente del encabezamiento o término | LEMB |
| Término de materia o nombre geográfico como elemento inicial | Pescadores |
| Subdivisión geográfica | Colombia |
| Subdivisión de forma | Fotografa̕s |
| 700 10 - • PUNTO DE ACCESO ADICIONAL - NOMBRE DE PERSONA | |
| Nombre de persona | Guerra Curvelo, Weildler. |
| 700 10 - • PUNTO DE ACCESO ADICIONAL - NOMBRE DE PERSONA | |
| Nombre de persona | Lp̤ez-Hernǹdez, Miguel Angel, |
| Fechas asociadas al nombre | 1965- |
| 700 10 - • PUNTO DE ACCESO ADICIONAL - NOMBRE DE PERSONA | |
| Nombre de persona | Villegas, Benjamn̕, |
| Fechas asociadas al nombre | 1948- |
| Término indicativo de función | editor |
| 942 ## - ENTRADA DE ELEMENTOS AGREGADOS (KOHA) | |
| Fuente de clasificaión o esquema | Dewey Decimal Classification |
| Koha [por defecto] tipo de item | LIbro |
| Perdido | Fuente de clasificación o esquema | Estado Físico | No para préstamo | Forma de adquisición | Localización permanente | Localización actual | Localización en estanterías | Fecha adquisición | Préstamos totales | Signatura completa | Código de barras | Fecha última consulta | Número de copia | Fecha del precio de reemplazo | Tipo de item de Koha | Número de registro | Note pública |
|---|---|---|---|---|---|---|---|---|---|---|---|---|---|---|---|---|---|
| Dewey Decimal Classification | Colección General | Biblioteca Pública Cubarral | Biblioteca Pública Cubarral | General | 08/11/2023 | 770.986 H17a | CUB02808 | 08/11/2023 | Ej.1 | 08/11/2023 | LIbro | ||||||
| Dewey Decimal Classification | Colección General | Biblioteca Pública Puerto Lleras | Biblioteca Pública Puerto Lleras | General | 07/04/2025 | 770.986 H17a | PLL02280 | 07/04/2025 | Ej.1 | 07/04/2025 | LIbro | ||||||
| Dewey Decimal Classification | Colección General | Biblioteca Pública San Carlos de Guaroa - Eduardo Carranza | Biblioteca Pública San Carlos de Guaroa - Eduardo Carranza | General | 06/06/2025 | 770.986 H17a | SG03311 | 06/06/2025 | Ej.1 | 06/06/2025 | LIbro | ||||||
| Dewey Decimal Classification | Colección General | Biblioteca Pública El Castillo - Alfonso Meneses | Biblioteca Pública El Castillo - Alfonso Meneses | General | 07/06/2023 | 770.986 H17a | EC00917 | 07/06/2023 | Ej.1 | 07/06/2023 | LIbro | ||||||
| Sala de Referencia Maruja Hernández de Gil | Biblioteca Pública Departamental Eduardo Carranza - Villavicencio | Biblioteca Pública Departamental Eduardo Carranza - Villavicencio | Referencia | 03/03/2016 | R 639.2092 H17a | ECA10364 | 11/26/2024 | Ej.1 | 11/26/2024 | LIbro | 18650 | 23818 | ||||||
| Dewey Decimal Classification | Sala General Segundo Piso | Biblioteca Pública Germán Arciniegas - Villavicencio | Biblioteca Pública Germán Arciniegas - Villavicencio | 05/06/2016 | 770.986 H17a | 30039 | 05/06/2016 | Ej. 1 | 05/06/2016 | LIbro | |||||||
| Dewey Decimal Classification | Colección General | Biblioteca Pública Guamal | Biblioteca Pública Guamal | General | 03/30/2023 | 770.986 H17a | GUA002856 | 03/30/2023 | Ej.1 | 03/30/2023 | LIbro | ||||||
| Dewey Decimal Classification | Colección General | Biblioteca Pública La Macarena | Biblioteca Pública La Macarena | General | 07/18/2023 | 770.986 H17a | LM00319 | 07/18/2023 | Ej.1 | 07/18/2023 | LIbro | ||||||
| Dewey Decimal Classification | Biblioteca Pública Vistahermosa | Biblioteca Pública Vistahermosa | 03/07/2024 | 770.986 | VIST00978 | 03/07/2024 | Ej.1 | 03/07/2024 | LIbro | 770.986H17a EJ1 |